| 000 | 00461nam a2200229Ia 4500 | ||
|---|---|---|---|
| 003 | IT-RoPAU | ||
| 008 | 120407s9999 xx 000 0 und d | ||
| 040 | _aIT-RoPAU | ||
| 040 | _cIT-RoPAU | ||
| 041 | _aita | ||
| 100 | _aDonato Baldi | ||
| 245 | _aGiosuè | ||
| 250 | _aTorino | ||
| 260 | _aMarietti | ||
| 260 | _c1952 | ||
| 300 | _a177 p. | ||
| 300 | _c24 cm | ||
| 490 | _aLa S.Bibbia/Garofalo, 6 | ||
| 490 | _v1 | ||
| 942 | _cBK | ||
| 999 |
_c27324 _d27324 |
||